<?xml version="1.0" encoding="UTF-8"?>
<record
    xmlns:xsi="http://www.w3.org/2001/XMLSchema-instance"
    xsi:schemaLocation="http://www.loc.gov/MARC21/slim http://www.loc.gov/standards/marcxml/schema/MARC21slim.xsd"
    xmlns="http://www.loc.gov/MARC21/slim">

  <leader>00948nam a2200277 i 4500</leader>
  <controlfield tag="001">bg</controlfield>
  <datafield tag="100" ind1="1" ind2=" ">
    <subfield code="a">Birn, Jeremy.</subfield>
  </datafield>
  <datafield tag="245" ind1="1" ind2="0">
    <subfield code="a">Cyfrowe o&#x15B;wietlenie i rendering /</subfield>
    <subfield code="c">Jeremy Birn ; [t&#x142;. Remigiusz Zagrobelski].</subfield>
  </datafield>
  <datafield tag="246" ind1="1" ind2=" ">
    <subfield code="i">Tyt. oryg.:</subfield>
    <subfield code="a">Digital lighting and rendering</subfield>
  </datafield>
  <datafield tag="260" ind1=" " ind2=" ">
    <subfield code="a">Gliwice :</subfield>
    <subfield code="b">Wydawnictwo Helion,</subfield>
    <subfield code="c">2007.</subfield>
  </datafield>
  <datafield tag="300" ind1=" " ind2=" ">
    <subfield code="a">447 s. :</subfield>
    <subfield code="b">il. kolor. ;</subfield>
    <subfield code="c">24 cm.</subfield>
  </datafield>
  <datafield tag="500" ind1=" " ind2=" ">
    <subfield code="a">Tyt. oryg.: "Digital lighting and rendering". Na s. tyt. i ok&#x142;. : wyd. 2 odnosi si&#x119; do oryg.</subfield>
  </datafield>
  <datafield tag="504" ind1=" " ind2=" ">
    <subfield code="a">Indeks.</subfield>
  </datafield>
  <datafield tag="650" ind1=" " ind2="9">
    <subfield code="a">Grafika komputerowa</subfield>
  </datafield>
  <datafield tag="655" ind1=" " ind2=" ">
    <subfield code="a">Podr&#x119;czniki</subfield>
  </datafield>
  <datafield tag="700" ind1="1" ind2=" ">
    <subfield code="a">Zagrobelski, Remigiusz.</subfield>
    <subfield code="e">T&#x142;.</subfield>
  </datafield>
  <datafield tag="020" ind1=" " ind2=" ">
    <subfield code="a">9788324607907</subfield>
  </datafield>
  <datafield tag="040" ind1=" " ind2=" ">
    <subfield code="c">BPK</subfield>
  </datafield>
  <datafield tag="041" ind1=" " ind2=" ">
    <subfield code="a">pol</subfield>
  </datafield>
  <datafield tag="044" ind1=" " ind2=" ">
    <subfield code="a">POL</subfield>
  </datafield>
  <datafield tag="080" ind1=" " ind2=" ">
    <subfield code="a">004.92(07)</subfield>
  </datafield>
  <datafield tag="920" ind1=" " ind2=" ">
    <subfield code="a">978-83-246-0790-7</subfield>
  </datafield>
  <datafield tag="942" ind1=" " ind2=" ">
    <subfield code="c">KS</subfield>
  </datafield>
  <controlfield tag="008">      s        pl     f     |000 0 pol  </controlfield>
  <datafield tag="999" ind1=" " ind2=" ">
    <subfield code="c">56230</subfield>
    <subfield code="d">56230</subfield>
  </datafield>
  <datafield tag="856" ind1=" " ind2=" ">
    <subfield code="u">http://koha.tu.koszalin.pl/cgi-bin/koha/opac-detail.pl?biblionumber=56230</subfield>
    <subfield code="y">Katalog online BPK</subfield>
  </datafield>
  <datafield tag="952" ind1=" " ind2=" ">
    <subfield code="0">0</subfield>
    <subfield code="1">0</subfield>
    <subfield code="4">0</subfield>
    <subfield code="7">1</subfield>
    <subfield code="a">ELBUD</subfield>
    <subfield code="b">ELBUD</subfield>
    <subfield code="c">b</subfield>
    <subfield code="o">90839</subfield>
    <subfield code="p">02474021</subfield>
    <subfield code="q">2022-10-20</subfield>
    <subfield code="s">2017-07-19</subfield>
    <subfield code="t">004 I</subfield>
    <subfield code="y">KS</subfield>
    <subfield code="z">Zakup ze &#x15B;rodk&#xF3;w katedralnych (wypo&#x17C;yczona -WEiI)</subfield>
  </datafield>
</record>
